La educación en el Caribe colombiano estudios y propuestas / (Registro nro. 6079)

Detalles MARC
000 -LEADER
fixed length control field 01091nam a2200241Ia 4500
003 - CONTROL NUMBER IDENTIFIER
control field OSt
005 - DATE AND TIME OF LATEST TRANSACTION
control field 20200827121504.0
008 - FIXED-LENGTH DATA ELEMENTS--GENERAL INFORMATION
fixed length control field 191128s2000 ck ad gr 000 0dspa d
020 ## - INTERNATIONAL STANDARD BOOK NUMBER
International Standard Book Number 9589563120
040 ## - CATALOGING SOURCE
Original cataloging agency Co-JMCR
Transcribing agency Co-JMCR
041 0# - LANGUAGE CODE
Language code of text/sound track or separate title spa
082 04 - DEWEY DECIMAL CLASSIFICATION NUMBER
Classification number 370.1934 /
Item number F852d
Edition number 23
110 1# - MAIN ENTRY--CORPORATE NAME
Corporate name or jurisdiction name as entry element Fundación Para el Desarrollo del Caribe (Barranquilla)
9 (RLIN) 9349
245 13 - TITLE STATEMENT
Title La educación en el Caribe colombiano estudios y propuestas /
Statement of responsibility, etc. Fundación Para el Desarrollo del Caribe
260 ## - PUBLICATION, DISTRIBUTION, ETC.
Place of publication, distribution, etc. Barranquilla :
Name of publisher, distributor, etc. Fundación para el desarrollo del Caribe,
Date of publication, distribution, etc. 2000.
300 ## - PHYSICAL DESCRIPTION
Extent 203 páginas :
Other physical details gráficos a blanco y negro ;
Dimensions 23 cm.
500 ## - GENERAL NOTE
General note Incluye notas a pie de páginas.
504 ## - BIBLIOGRAPHY, ETC. NOTE
Bibliography, etc. note Bibliografía : páginas 202-203.
505 0# - FORMATTED CONTENTS NOTE
Formatted contents note Diagnóstico y recomendaciones para el sector educativo en la región Caribe colombiano -- Diagnóstico del sector educativo del Distrito de Barranquilla -- Análisis sobre esquemas de inversión en educación a través de subsidios a la demanda
650 24 - SUBJECT ADDED ENTRY--TOPICAL TERM
Topical term or geographic name entry element Sector educativo
9 (RLIN) 9350
650 24 - SUBJECT ADDED ENTRY--TOPICAL TERM
Topical term or geographic name entry element Diagnóstico educativo
9 (RLIN) 9351
942 ## - ADDED ENTRY ELEMENTS (KOHA)
Source of classification or shelving scheme Dewey Decimal Classification
Koha item type Books
Existencias
Withdrawn status Lost status Source of classification or shelving scheme Materials specified (bound volume or other part) Damaged status Not for loan Home library Current library Shelving location Date acquired Source of acquisition Full call number Barcode Date last seen Copy number Price effective from Koha item type
    Dewey Decimal Classification Doancíón--15/04/2018--     Biblioteca Pública José María del Castillo y Rada Biblioteca Pública José María del Castillo y Rada General Stacks 11/28/2019 Donación 370.1934 / F852d 430011598 05/16/2024 Ej.1 11/28/2019 Books